000 00470nam a2200169 i 4500
001 C2-0234926
003 PPAK
005 20180729161557.0
008 010821s1985 my |||| ||||| | may d
040 _aPPAK
_beng
_cPPAK
_erda
245 0 0 _aPertandingan pakaian beragam
264 1 _aAlor Setar, Kedah :
_bPerbadanan Perpustakaan Awam Kedah ,
_c1985
336 _2rdacontent
_atext
337 _2rdamedia
_aunmediated
338 _2rdacarrier
_avolume
942 _ddc
_cB
999 _c164773
_d164773